000 00873nam a22002177a 4500
005 20240814173947.0
008 s1989 eng d
040 _aNALT
041 _aeng
245 1 0 _aThe 1945 constitution of the Republic of Indonesia [1989]
260 3 _aJakarta :
_bDepartment of Information, Indonesia,
_c1989
300 _a34 p. ;
_b 19 cm., 21X29 cm.
505 _a1. The Opening to the Constitution -- 2. The 1945 Constitution -- 3. Transitional Provisions. -- 4. Elucidation of the Constitution. -- 5. The System of Government of the State -- 6. Decree of 5th July 1959.
650 0 4 _aConstitutions
650 0 4 _aConstitutions -- Indonesia
650 0 4 _aConstitutional law Indonesia
850 _aNALT
942 _cLB
_2lcc
999 _c19990
_d19990
998 _j25
_k นีลวัสน์ อินทรักษา
090 _aKD35.I5.4 I52 1989